000 00437nam a2200193Ia 4500
005 20250423094544.0
008 250422s9999 xx 000 0 und d
020 _a9780702033902
050 _aRD 32 .K57/
100 _aKirk, R.M.
245 0 _aBasic surgical techniques
250 _a6th ed.
260 _aNew York
260 _bElsevier
260 _c2015
300 _a206 p
650 _aSurgery, Operative.
942 _cBK
999 _c27593
_d27593